[Event "Sunnyvale Silicon Valley Fall op"]
[Site "Sunnyvale"]
[Date "2023.09.04"]
[Round "9"]
[White "Aadit, Bhatia"]
[Black "Pompe, Niko"]
[Result "1-0"]
[WhiteElo "2051"]
[BlackElo "2095"]
[PlyCount "131"]
[EventDate "2023.08.31"]
[EventType "swiss"]
[EventRounds "9"]
[EventCountry "USA"]
[SourceTitle "EXT 2024"]
[Source "ChessBase"]
[SourceDate "2023.10.10"]
[SourceVersion "1"]
[SourceVersionDate "2023.10.10"]
[SourceQuality "1"]

1. d4 d5 2. c4 e6 3. Nf3 Nf6 4. g3 Bb4+ 5. Bd2 Be7 6. Bg2 0-0 7. Qc2 c6 8. Bf4 Nbd7 9. h4 h6 10. Nbd2 Nh5 11. Be5 f6 12. Bf4 e5 13. dxe5 Nxf4 14. gxf4 fxe5 15. fxe5 Nc5 16. Bh3 Bxh3 17. Rxh3 d4 18. Qg6 Qd7 19. Rg3 Ne6 20. 0-0-0 Bb4 21. e3 dxe3 22. Ne4 Bd2+ 23. Nfxd2 Nf4 24. Qg4 Qxg4 25. Rxg4 e2 26. Rdg1 Nd3+ 27. Kc2 e1Q 28. Rxe1 Nxe1+ 29. Kc3 Nf3 30. Nf6+ Kh8 31. Nxf3 gxf6 32. e6 Rae8 33. Re4 c5 34. h5 Kg7 35. e7 Rf7 36. Nh4 f5 37. Re6 Rf6 38. Re5 Kf7 39. Nxf5 b6 40. Kd3 Rg8 41. Ke4 Ke8 42. Kd5 Kd7 43. Ng7 Rxf2 44. e8Q+ Rxe8 45. Rxe8 Rg2 46. Ra8 Rg5+ 47. Ke4 Rg4+ 48. Kf5 Rxc4 49. Rxa7+ Kc6 50. Kg6 Rc2 51. b3 b5 52. Nf5 Kb6 53. Ra8 Kb7 54. Ra3 c4 55. bxc4 bxc4 56. Kxh6 c3 57. Rb3+ Ka6 58. Nd4 Rd2 59. Nf5 Rd3 60. Rb1 Ka5 61. Kg6 Ka4 62. h6 Ka3 63. h7 Kxa2 64. Rb8 c2 65. Rc8 Kb1 66. h8Q 1-0

[Event "Sunnyvale Silicon Valley Fall op"]
[Site "Sunnyvale"]
[Date "2023.09.02"]
[Round "4"]
[White "Gedajlovic, Max"]
[Black "Pompe, Niko"]
[Result "1-0"]
[WhiteElo "2403"]
[BlackElo "2095"]
[PlyCount "67"]
[EventDate "2023.08.31"]
[EventType "swiss"]
[EventRounds "9"]
[EventCountry "USA"]
[SourceTitle "EXT 2024"]
[Source "ChessBase"]
[SourceDate "2023.10.10"]
[SourceVersion "1"]
[SourceVersionDate "2023.10.10"]
[SourceQuality "1"]

1. d4 d5 2. c4 e6 3. Nc3 Bb4 4. cxd5 exd5 5. a3 Bxc3+ 6. bxc3 Nf6 7. e3 0-0 8. Bd3 c5 9. Ne2 b6 10. 0-0 Ba6 11. f3 Re8 12. Ng3 Bxd3 13. Qxd3 Nc6 14. Ra2 Rc8 15. Re2 Qd7 16. Bb2 Kh8 17. Rd1 cxd4 18. cxd4 Na5 19. e4 dxe4 20. fxe4 Nc4 21. Bc1 Ne5 22. Qd2 Nc6 23. Bb2 Na5 24. Qg5 Nc4 25. Nf5 Rg8 26. Ba1 Rce8 27. d5 Ne5 28. Rf1 Qb5 29. Re3 Nfg4 30. Bxe5 Nxe5 31. Rh3 Qe2 32. Qh4 h6 33. Qxh6+ gxh6 34. Rxh6# 1-0

[Event "Chicago op 32nd"]
[Site "Chicago"]
[Date "2023.05.29"]
[Round "9"]
[White "Pompe, Niko"]
[Black "Torres Rosas, Luis Carlos"]
[Result "1/2-1/2"]
[WhiteElo "2007"]
[BlackElo "2325"]
[PlyCount "56"]
[EventDate "2023.05.25"]
[EventType "swiss"]
[EventRounds "9"]
[EventCountry "USA"]
[SourceTitle "CBM 214 Extra"]
[Source "ChessBase"]
[SourceDate "2023.07.31"]
[SourceVersion "1"]
[SourceVersionDate "2023.07.31"]
[SourceQuality "1"]

1. c4 e6 2. g3 d5 3. Bg2 Nf6 4. Nf3 Be7 5. 0-0 0-0 6. b3 c5 7. cxd5 Nxd5 8. Bb2 Nc6 9. d4 Nf6 10. dxc5 Bxc5 11. a3 Qe7 12. Qc2 Bd7 13. b4 Bb6 14. Nbd2 Rac8 15. Nc4 Bc7 16. Rac1 h6 17. Rfd1 Rfd8 18. Qb3 Be8 19. Nd4 Bb8 20. e3 Nxd4 21. Bxd4 Bc6 22. Bxc6 Rxc6 23. Bc5 Qe8 24. Rxd8 Qxd8 25. Rd1 Qe8 26. Na5 Rc7 27. Bd6 Rd7 28. Bxb8 Qxb8 1/2-1/2